000 00897cab a22002175a 4500
001 L139741
008 070807e20070803xxk f 000 0 eng d
035 _a(Sirsi) u139741
041 0 _aeng
100 1 _aCochrane, Eleanor
245 0 0 _aSpecifier
_bM&E
260 _c2007
490 _aBuilding
_v272(8491) 3 August 2007, 60-67(7)
520 _aReports on the greenest office in the UK, the Innovate Properties building in Leeds, and explains how the building services were designed to achieve to BREEAM score of 87.55%. Looks at the costs and environmental advantages of combined heat and power systems. Includes details of M&E products and suppliers.
590 _aKA
650 2 4 _aBREEAM RATING
651 4 _aUnited Kingdom
_y
690 _aBUILT ENVIRONMENT-BUILDING ELEMENTS-COMPLETE BUILDING SERVICES ELEMENTS
690 _aBUILT ENVIRONMENT-SUSTAINABLE CONSTRUCTION
942 _n0
999 _c79078
_d79078